Flags of the 2026 FIFA World Cup - Sudden Death - Statistics

General Stats
  • This quiz has been taken 75 times
  • The average score is 15 of 23
Answers on the Grid
Answers color-coded by a green-red scale on the quiz's grid according to % correct below.
 
Answer Stats
Answer % Correct
95%
87%
75%
75%
73%
72%
70%
70%
70%
68%
68%
67%
62%
58%
58%
57%
55%
53%
52%
50%
50%
45%
42%
No matching quizzes found
Score Distribution
Percent of People with Each Score
Percentile by Number Answered
Your Score History
You have not taken this quiz